01459nam a2200361Ia 4500001001200000003000800012006001900020007001500039008004100054010001700095020001500112040002100127035002100148050002600169082001200195245011000207260005400317300002300371490006800394504005100462533015200513650003200665650002900697650002500726650004300751650002900794655002900823700001600852710001700868830006900885856012600954999001701080ebr10130676CaPaEBRm u cr cn|||||||||060306s2005 ne a sb 001 0 eng d z 2005909732 z1586035770 aCaPaEBRcCaPaEBR a(OCoLC)27679935814aQA76.9.A3bS45 2005eb04a00422200aSelf-organization and autonomic informatics (I)h[electronic resource] /cedited by H. Czap ... [et al.]. aAmsterdam ;aWashington, DC :bIOS Press,cc2005. axi, 382 p. :bill.1 aFrontiers in artificial intelligence and applications ;vv. 135 aIncludes bibliographical references and index. aElectronic reproduction.bPalo Alto, Calif. :cebrary,d2009.nAvailable via World Wide Web.nAccess may be limited to ebrary affiliated libraries. 0aAdaptive computing systems. 0aArtificial intelligence. 0aAutonomic computing. 0aComputational grids (Computer systems) 0aSelf-organizing systems. 7aElectronic books.2local1 aCzap, Hans.2 aebrary, Inc. 0aFrontiers in artificial intelligence and applications ;vv. 135.40uhttp://site.ebrary.com/lib/rucke/Doc?id=10130676zAn electronic book accessible through the World Wide Web; click to view c77670d77670